000 00797nam a22001935i 4500
001 167424
003 ES-MaACL
005 20250918183808.0
008 000714s1888 sp |||| | spa d
040 _aCCPB | B
_bspa
_cCCPB | B
100 1 _aVicuña, Gumersindo,
_d1840-1890
_9114406
245 1 0 _aLanz y Betancourt
_b: bosquejo biblio-biográfico /
_cpor Gumersindo de Vicuña.
260 _aMadrid :
_b[s.n.],
_c1888 (
_fimprenta de Luis Aguado)
300 _a20 p. ;
_c23 cm.
600 1 4 _aLánz, José María-
_vBiografías.
_9129178
600 1 7 _aBetancourt, Agustín de,
_d1758-1824-
_vBiografías
_2
_9125978
852 _aES-MaACL
_jT-557-F-8
_z-- Enc. hol., conservando la enc. original
_z-- Enc. en un vol. facticio
_z.- Ded. manuscrita del autor
999 _c167424
_d167424